Normal view
MARC view
Entry Personal Name
001 - CONTROL NUMBER
- control field: 48163
003 - CONTROL NUMBER IDENTIFIER
- control field: ARRUPE
005 - DATE AND TIME OF LATEST TRANSACTION
- control field: 20190919105616.0
008 - FIXED-LENGTH DATA ELEMENTS
- fixed length control field: 190919|| aca||aabn | a|a d
040 ## - CATALOGING SOURCE
- Original cataloging agency: ARRUPE
- Transcribing agency: ARRUPE
100 ## - HEADING--PERSONAL NAME
- Personal name: Chukwu, Chidube Joseph
670 ## - SOURCE DATA FOUND
- Source citation: Work cat.: (ARRUPE): Chukwu, Chidube Joseph, Confronting skeptical challenges arising from the human embryo research debates, 2013